| 000 | 00585nam a22001817a 4500 | ||
|---|---|---|---|
| 003 | OSt | ||
| 005 | 20241111093537.0 | ||
| 008 | 241106s2006 ag ||||| |||| 00| 1 spa d | ||
| 020 | _a9870403557 | ||
| 040 | _cbesoc | ||
| 100 | 1 |
_aRivas, Manuel, _d1957-, _eAutor |
|
| 245 | 1 | 3 |
_aEl lápiz del carpintero / _cManuel Rivas ; prólogo de José Manuel Caballero Bonald ; estudio de Eugenio J. Alonso Martín |
| 260 |
_aBuenos Aires : _bAlfaguara, _c2006 |
||
| 300 | _a204 p. | ||
| 490 | 0 | _aSerie roja | |
| 650 | 4 |
_aLiteratura española _vNovela _ySiglo XX _xColección juvenil |
|
| 942 |
_2udc _cOG _n0 |
||
| 999 |
_c368 _d368 |
||